[Event "GER-chT U16"]
[Site "Aurich"]
[Date "2018.12.29"]
[Round "6.1"]
[White "Jakob, Georg"]
[Black "Zyla, Lennert"]
[Result "1-0"]
[WhiteElo "2015"]
[BlackElo "1829"]
[PlyCount "53"]
[EventDate "2018.12.27"]
[EventType "team-swiss"]
[EventRounds "7"]
[EventCountry "GER"]
[SourceTitle "CBM 188 Extra"]
[Source "ChessBase"]
[SourceDate "2019.02.26"]
[SourceVersion "1"]
[SourceVersionDate "2019.02.26"]
[SourceQuality "1"]
[WhiteTeam "Hohentuebingen"]
[BlackTeam "Porz SG"]
[WhiteTeamCountry "GER"]
[BlackTeamCountry "GER"]

1. e4 c5 2. Nf3 e6 3. d4 cxd4 4. Nxd4 Nc6 5. Nc3 Qc7 6. Be2 a6 7. Be3 Nf6 8. a3 b5 9. f4 d6 10. g4 Bb7 11. g5 Nd7 12. Nxc6 Bxc6 13. Qd4 Rc8 14. h4 Nc5 15. Bf3 e5 16. Qd2 Be7 17. f5 Na4 18. Nxa4 bxa4 19. 0-0-0 Qb7 20. f6 gxf6 21. gxf6 Bf8 22. Qb4 Qa8 23. Rxd6 Bxd6 24. Qxd6 Qb7 25. Qxe5+ Kd8 26. Rd1+ Bd7 27. Qe7+ 1-0

[Event "GER-chT U16"]
[Site "Aurich"]
[Date "2018.12.27"]
[Round "1.1"]
[White "Nguyen, Alex Dac Vuong"]
[Black "Jakob, Georg"]
[Result "1-0"]
[WhiteElo "2201"]
[BlackElo "2015"]
[PlyCount "67"]
[EventDate "2018.12.27"]
[EventType "team-swiss"]
[EventRounds "7"]
[EventCountry "GER"]
[SourceTitle "CBM 188 Extra"]
[Source "ChessBase"]
[SourceDate "2019.02.26"]
[SourceVersion "1"]
[SourceVersionDate "2019.02.26"]
[SourceQuality "1"]
[WhiteTeam "Leipzig SG"]
[BlackTeam "Hohentuebingen"]
[WhiteTeamCountry "GER"]
[BlackTeamCountry "GER"]

1. e4 c5 2. Nf3 g6 3. d4 cxd4 4. Nxd4 Bg7 5. c4 Nc6 6. Nc2 Nf6 7. Nc3 0-0 8. Be2 Ne8 9. Bd2 Nd6 10. f3 b6 11. 0-0 f5 12. exf5 Nxf5 13. Rb1 e6 14. b3 Ncd4 15. Kh1 Be5 16. f4 Bg7 17. Nxd4 Nxd4 18. Be3 Nf5 19. Qd2 Bb7 20. Rbd1 d5 21. cxd5 exd5 22. Bf2 d4 23. Nb5 Qe7 24. Bc4+ Kh8 25. Rfe1 Qc5 26. Nxd4 Rad8 27. Nxf5 Qc6 28. Bd4 gxf5 29. Bxg7+ Kxg7 30. Qc3+ Rf6 31. Re7+ Kf8 32. Rf7+ Rxf7 33. Qh8+ Ke7 34. Qxd8# 1-0

[Event "Wuerttemberg-ch KT"]
[Site "Stuttgart"]
[Date "2017.08.27"]
[Round "3"]
[White "Jakob, Georg"]
[Black "Yi, Danny"]
[Result "1/2-1/2"]
[WhiteElo "1856"]
[BlackElo "2070"]
[PlyCount "48"]
[EventDate "2017.08.26"]
[EventType "swiss"]
[EventRounds "7"]
[EventCountry "GER"]
[SourceTitle "EXT 2019"]
[Source "ChessBase"]
[SourceDate "2018.10.10"]
[SourceVersion "1"]
[SourceVersionDate "2018.10.10"]
[SourceQuality "1"]

1. e4 e5 2. Nf3 Nc6 3. Bb5 a6 4. Ba4 Nf6 5. d3 b5 6. Bb3 Be7 7. 0-0 d6 8. c3 0-0 9. Re1 Na5 10. Bc2 c5 11. Nbd2 Re8 12. Nf1 h6 13. Ne3 Bf8 14. Bd2 Nc6 15. a4 Be6 16. h3 Qc7 17. Nh2 Reb8 18. axb5 Rxb5 19. Bc1 Rb7 20. Qf3 Ne7 21. Nhg4 Nxg4 22. hxg4 g6 23. Nf5 Kh7 24. Nh4 Ng8 1/2-1/2

[Event "Reutlingen op 22nd"]
[Site "Reutlingen"]
[Date "2017.06.03"]
[Round "2"]
[White "Pogan, Nikolas"]
[Black "Jakob, Georg"]
[Result "1-0"]
[WhiteElo "2301"]
[BlackElo "1800"]
[PlyCount "87"]
[EventDate "2017.06.02"]
[EventType "swiss"]
[EventRounds "7"]
[EventCountry "GER"]
[SourceTitle "CBM 179 Extra"]
[Source "ChessBase"]
[SourceDate "2017.08.23"]
[SourceVersion "1"]
[SourceVersionDate "2017.08.23"]
[SourceQuality "1"]

1. Nf3 c5 2. b3 g6 3. Bb2 Nf6 4. g3 Bg7 5. Bg2 0-0 6. 0-0 Nc6 7. e3 d6 8. d4 Ne8 9. c4 Bg4 10. h3 Bd7 11. Nc3 f5 12. Qd2 Nf6 13. Rad1 Qc8 14. dxc5 dxc5 15. Na4 Nb8 16. Ne5 Bxa4 17. bxa4 Nc6 18. Nxc6 bxc6 19. Qa5 Nd7 20. Bxg7 Kxg7 21. Rd2 Qb7 22. Rfd1 Qb6 23. Qc3+ Nf6 24. a5 Qb4 25. Qxb4 cxb4 26. Bxc6 Rac8 27. Bb5 Rc5 28. a6 Ne4 29. Rd7 Nc3 30. Rxe7+ Kf6 31. Rdd7 Nxb5 32. cxb5 Rxb5 33. Rxh7 Ra5 34. Rd6+ Ke5 35. Rxg6 Rxa2 36. Rb7 Ra4 37. Kg2 Kd5 38. Rxa7 Kc4 39. Rc7+ Kb3 40. a7 Ka2 41. Rb6 Kb3 42. h4 Ra8 43. Rcb7 Ka3 44. h5 1-0

[Event "GER-chT U12"]
[Site "Magdeburg"]
[Date "2016.12.29"]
[Round "6.1"]
[White "Hetzner, Hannes"]
[Black "Jakob, Georg"]
[Result "1/2-1/2"]
[WhiteElo "1718"]
[BlackElo "1826"]
[PlyCount "46"]
[EventDate "2016.12.27"]
[EventType "team-swiss"]
[EventRounds "7"]
[EventCountry "GER"]
[SourceTitle "EXT 2018"]
[Source "ChessBase"]
[SourceDate "2017.10.13"]
[SourceVersion "1"]
[SourceVersionDate "2017.10.13"]
[SourceQuality "1"]
[WhiteTeam "Erlangen"]
[BlackTeam "Hohentuebingen"]
[WhiteTeamCountry "GER"]
[BlackTeamCountry "GER"]

1. e4 c5 2. Nf3 a6 3. c3 e6 4. d4 d5 5. exd5 exd5 6. Bd3 Nf6 7. 0-0 h6 8. Re1+ Be7 9. Bf4 0-0 10. h3 Nc6 11. dxc5 Bxc5 12. Nbd2 Be6 13. Nb3 Ba7 14. Nbd4 Re8 15. Qb3 Qd7 16. Rad1 Rac8 17. Re2 Nh5 18. Bh2 Bb8 19. Nxc6 Bxh2+ 20. Kxh2 Qxc6 21. Nd4 Qc7+ 22. g3 Nf6 23. Rde1 Qd7 1/2-1/2

[Event "GER-chT U12"]
[Site "Magdeburg"]
[Date "2016.12.27"]
[Round "2.1"]
[White "Toval, David"]
[Black "Jakob, Georg"]
[Result "0-1"]
[WhiteElo "1769"]
[BlackElo "1826"]
[PlyCount "52"]
[EventDate "2016.12.27"]
[EventType "team-swiss"]
[EventRounds "7"]
[EventCountry "GER"]
[SourceTitle "EXT 2018"]
[Source "ChessBase"]
[SourceDate "2017.10.13"]
[SourceVersion "1"]
[SourceVersionDate "2017.10.13"]
[SourceQuality "1"]
[WhiteTeam "Muenster"]
[BlackTeam "Hohentuebingen"]
[WhiteTeamCountry "GER"]
[BlackTeamCountry "GER"]

1. e4 c5 2. c3 Nf6 3. e5 Nd5 4. d4 cxd4 5. Nf3 e6 6. cxd4 d6 7. a3 Bd7 8. Bd3 Bc6 9. 0-0 Nd7 10. b4 a6 11. Nbd2 Qc7 12. Nc4 Be7 13. exd6 Bxd6 14. Nxd6+ Qxd6 15. Re1 0-0 16. Bxh7+ Kxh7 17. Ng5+ Kg8 18. Qd3 N5f6 19. a4 b5 20. a5 Rad8 21. Bb2 Qd5 22. Qg3 Nh5 23. Qg4 Ndf6 24. Qf3 Qxf3 25. Nxf3 Bxf3 26. gxf3 Nf4 0-1

[Event "GER-ch U12"]
[Site "Willingen"]
[Date "2016.05.21"]
[Round "11"]
[White "Jakob, Georg"]
[Black "Hetzner, Hannes"]
[Result "1-0"]
[WhiteElo "1533"]
[BlackElo "1572"]
[PlyCount "39"]
[EventDate "2016.05.15"]
[EventType "swiss"]
[EventRounds "11"]
[EventCountry "GER"]
[SourceTitle "CBM 172 Extra"]
[Source "ChessBase"]
[SourceDate "2016.06.21"]
[SourceVersion "1"]
[SourceVersionDate "2016.06.21"]
[SourceQuality "1"]

1. e4 e6 2. d4 d5 3. exd5 exd5 4. c4 dxc4 5. Bxc4 Bb4+ 6. Nc3 Nf6 7. Nf3 0-0 8. 0-0 Bg4 9. h3 Bh5 10. g4 Bg6 11. Ne5 Nbd7 12. Nxg6 hxg6 13. g5 Ne8 14. h4 Nd6 15. Bb3 Nf5 16. h5 Ne7 17. hxg6 Nxg6 18. Qh5 Nh8 19. Kg2 Bxc3 20. Rh1 1-0

[Event "GER-ch U12"]
[Site "Willingen"]
[Date "2016.05.17"]
[Round "5"]
[White "Jakob, Georg"]
[Black "Ewerhardy, Moritz"]
[Result "1-0"]
[WhiteElo "1533"]
[BlackElo "1387"]
[PlyCount "67"]
[EventDate "2016.05.15"]
[EventType "swiss"]
[EventRounds "11"]
[EventCountry "GER"]
[SourceTitle "CBM 172 Extra"]
[Source "ChessBase"]
[SourceDate "2016.06.21"]
[SourceVersion "1"]
[SourceVersionDate "2016.06.21"]
[SourceQuality "1"]

1. e4 c5 2. d4 cxd4 3. c3 dxc3 4. Nxc3 Nc6 5. Nf3 a6 6. Bc4 e6 7. 0-0 Qc7 8. Qe2 Nf6 9. Rd1 b5 10. Bb3 Bc5 11. Be3 Be7 12. Rac1 0-0 13. Nd4 Bb7 14. Nd5 exd5 15. exd5 Nxd4 16. Bxd4 Qd8 17. h3 Re8 18. Bc2 Nxd5 19. Qe4 g6 20. Bb3 Bg5 21. Qf3 Nf4 22. Qxb7 Ne2+ 23. Kh1 Nxc1 24. Bb6 Qc8 25. Bxf7+ Kxf7 26. Rxd7+ Qxd7 27. Qxd7+ Kg8 28. Qd5+ Kf8 29. Qxg5 Nd3 30. Qf6+ Kg8 31. Bd4 Ne5 32. Bxe5 Rxe5 33. Qxe5 Rf8 34. Kg1 1-0

[Event "GER-chT U10"]
[Site "Magdeburg"]
[Date "2014.12.29"]
[Round "7.2"]
[White "Jakob, Georg"]
[Black "Pflugradt, Natalie"]
[Result "1-0"]
[WhiteElo "979"]
[BlackElo "1025"]
[PlyCount "57"]
[EventDate "2014.12.27"]
[EventType "team-swiss"]
[EventRounds "7"]
[EventCountry "GER"]
[SourceTitle "EXT 2016"]
[Source "ChessBase"]
[SourceDate "2015.10.08"]
[SourceVersion "1"]
[SourceVersionDate "2015.10.08"]
[SourceQuality "1"]
[WhiteTeam "Hohentuebingen"]
[BlackTeam "Stadtilm Blau Weiss"]
[WhiteTeamCountry "GER"]
[BlackTeamCountry "GER"]

1. e4 e5 2. Nf3 Nc6 3. Bb5 Bc5 4. 0-0 a6 5. Ba4 Nge7 6. d3 h6 7. c3 d6 8. Re1 0-0 9. Nbd2 Be6 10. Nf1 f5 11. d4 exd4 12. cxd4 Bb4 13. Bd2 Bxd2 14. Qxd2 d5 15. exd5 Bxd5 16. Ne5 Nxe5 17. Rxe5 Ng6 18. Rxd5 Qf6 19. Bb3 Kh8 20. Ng3 Ne7 21. Re5 f4 22. Ne4 Qd6 23. Rxe7 Rae8 24. Rc1 Qg6 25. Rcxc7 Rxe7 26. Rxe7 f3 27. g3 Re8 28. Bf7 Qb6 29. Rxe8+ 1-0

[Event "GER-chT U10"]
[Site "Magdeburg"]
[Date "2014.12.28"]
[Round "4.2"]
[White "Jakob, Georg"]
[Black "Brunner, Alexander1111"]
[Result "1-0"]
[WhiteElo "979"]
[BlackElo "911"]
[PlyCount "47"]
[EventDate "2014.12.27"]
[EventType "team-swiss"]
[EventRounds "7"]
[EventCountry "GER"]
[SourceTitle "EXT 2016"]
[Source "ChessBase"]
[SourceDate "2015.10.08"]
[SourceVersion "1"]
[SourceVersionDate "2015.10.08"]
[SourceQuality "1"]
[WhiteTeam "Hohentuebingen"]
[BlackTeam "Hagen II"]
[WhiteTeamCountry "GER"]
[BlackTeamCountry "GER"]

1. e4 e5 2. Nf3 Nc6 3. Bb5 Bc5 4. 0-0 d6 5. c3 Nf6 6. Re1 0-0 7. d4 Bb6 8. Nbd2 Bg4 9. dxe5 Nxe5 10. h3 Bh5 11. Be2 Nxf3+ 12. Bxf3 Bxf3 13. Qxf3 Re8 14. Nf1 d5 15. Ng3 Qd6 16. Bf4 Qc6 17. exd5 Rxe1+ 18. Rxe1 Qxd5 19. Qxd5 Nxd5 20. Bd2 Rd8 21. Kf1 Ne3+ 22. Bxe3 Bxe3 23. Rxe3 Rd2 24. Re8# 1-0